| 000 | 00394nam a2200157Ia 4500 | ||
|---|---|---|---|
| 008 | 151213s9999 xx 000 0 und d | ||
| 020 | _a1-85573-975-5 | ||
| 100 | _aD.E.Henshaw | ||
| 245 |
_aSelf - Twist - Yearn _cD.E.Henshaw |
||
| 260 |
_aEngland _bWoodhead Publication Ltd. _c1971 |
||
| 300 | _a7404 p. | ||
| 650 | _aTextiles | ||
| 650 | _aTextiles | ||
| 700 | _aD.E.Henshaw | ||
| 999 |
_c3942 _d3942 |
||